000 00293nam a22001337a 4500
008 170921b xxu||||| |||| 00| 0 eng d
020 _a0139350578
041 _aeng
080 _23rd
_a78
100 _a45
101 _aMUZ
245 _aTWENTIETH-CENTURY MUSIC
_cSALZMAN,E
942 _2udc
_cBK
999 _c28729
_d28729